Mariano Marcos State University

University Library System

Introduction to medical mycology / (Record no. 29077)

MARC details
000 -LEADER
fixed length control field 00557nam a22001817a 4500
005 - DATE AND TIME OF LATEST TRANSACTION
control field 20260506145528.0
008 - FIXED-LENGTH DATA ELEMENTS--GENERAL INFORMATION
fixed length control field 260506b |||||||| |||| 00| 0 eng d
020 ## - INTERNATIONAL STANDARD BOOK NUMBER
International Standard Book Number 081511320X Pbk. Bp.
040 ## - CATALOGING SOURCE
Original cataloging agency MMSU
Transcribing agency ULS
Modifying agency ULS
050 ## - LIBRARY OF CONGRESS CALL NUMBER
Classification number RC 117 B84 1979 CHS
100 ## - MAIN ENTRY--PERSONAL NAME
Personal name Bulmer, Glenn S.
245 ## - TITLE STATEMENT
Title Introduction to medical mycology /
Statement of responsibility, etc. Glenn S. Bulmer.
260 ## - PUBLICATION, DISTRIBUTION, ETC.
Place of publication, distribution, etc. Chicago :
Name of publisher, distributor, etc. Year Book Medical Publishers, Inc.,
Date of publication, distribution, etc. 1979.
300 ## - PHYSICAL DESCRIPTION
Extent 195 pages :
Other physical details illustrations ;
Dimensions 25 cm.
500 ## - GENERAL NOTE
General note Includes index.
650 ## - SUBJECT ADDED ENTRY--TOPICAL TERM
Topical term or geographic name entry element Medical mycology
942 ## - ADDED ENTRY ELEMENTS (KOHA)
Source of classification or shelving scheme
Koha item type Books
Holdings
Withdrawn status Lost status Source of classification or shelving scheme Damaged status Not for loan Home library Current library Shelving location Date acquired Source of acquisition Total Checkouts Full call number Barcode Date last seen Price effective from Koha item type
          MMSU College of Health Sciences MMSU College of Health Sciences Circulation 05/06/2026 Donation   RC 117 B84 1979 CHS 41530 05/06/2026 05/06/2026 Books

© 2023 Mariano Marcos State University. All Rights Reserved.

Powered by Koha